Aktuálne otázky vývoja hypotekárneho bankovníctva na Slovensku

Pokračovanie príspevku z predchádzajúceho čísla. Úrokové náklady a úrokové výnosy za obdobie rokov 2006 – 2017.

Guardado en:
Detalles Bibliográficos
Autor principal: Horvátová, Eva, 1958-
Formato: Capítulo de libro
Lenguaje:eslovaco
Materias:
Etiquetas: Agregar Etiqueta
Sin Etiquetas, Sea el primero en etiquetar este registro!

MARC

LEADER 00000nla a2200000 4500
001 0246444
005 20260205071255.3
041 0 |a slo 
044 |a SK 
245 1 0 |a Aktuálne otázky vývoja hypotekárneho bankovníctva na Slovensku  |c Eva Horvátová 
520 |a Pokračovanie príspevku z predchádzajúceho čísla. Úrokové náklady a úrokové výnosy za obdobie rokov 2006 – 2017. 
610 2 0 |a výnosy 
610 2 0 |a náklady 
610 2 0 |a úrok 
610 2 0 |a banky hypotekárne 
610 2 0 |a Slovensko 
610 2 0 |a úver hypotekárny 
100 1 |a Horvátová, Eva, 1958-